000 02538nam a2200349 a 4500
003 OSt
005 20250701114948.0
007 cr ||||||a|a|a
008 250619s2025 mx a|||fom||| 001 0 spa d
040 _erda
100 1 _aCaballero Sánchez, Irving
_9190495
245 1 0 _a Evaluación del desarrollo vegetativo y contenido nutrimental en el cultivo de Pitahaya, bajo la aplicación de vermicompost y fertirriego/
_cpor Irving Caballero Sánchez; director de tesis Joel Pineda Pineda; secretario r. José Amando Ramírez Arias; vocal Natanael Magaña Lira; suplente Domingo Montalvo Hernández; suplente Ignacio Miranda Velázquez.
264 1 _aChapingo, México :
_bEl autor,
_c2024.
300 _a1 recurso en línea (90 páginas):
_bcuadros, figuras.
336 _2rdacontent
_atexto
_btxt
337 _2rdamedia
_acomputadora
_bc
338 _2rdacarrier
_arecurso en línea
_bcr
502 _bLAHP
_cFitotecnia
_d2024.
_gLIC
504 _aIncluye referencias bibliográficas: páginas 79-86.
520 _aLa investigación evaluó el desarrollo vegetativo y el contenido nutrimental en Hylocereus undatus durante los primeros ocho meses de cultivo, utilizando vermicompost y fertiriego como tratamientos de fertilización en un diseño experimental de bloques completos al azar. Los resultados indicaron que el fertirriego promovió un crecimiento superior en comparación con la fertilización orgánica con vermicompost y el contenido nutrimental en los cladodios varió según la fuente y dosis de fertilización. A los 240 días, la acumulación de nutrientes en el tallo siguió el orden: K > Ca > N > Mg > P > S. Se concluye que el fertiriego fue el mejor tratamiento, aunque el vermicompost también mostró ser una fuente efectiva de fertilización, lo que indica la necesidad de futuras evaluaciones de dosis de fertilización orgánica y evaluación de la viabilidad económica.
650 4 _aPitahaya
_xCultivo
_9185839
650 4 _aFertilizantes
_xAnálisis
_940449
650 4 _aVermicompost
_xAplicación
_9134024
650 4 _aFertirrigación
_940652
700 1 _aPineda Pineda, Joel
_edirector de tesis.
_988172
700 1 _aRamírez Arias, Armando
_993873
_esecretario.
700 1 _aMagaña Lira, Natanael
_969794
_evocal.
700 1 _aMontalvo Hernández, Domingo
_977714
_esuplente.
700 1 _aMiranda Velázquez, Ignacio
_esuplente.
_976118
856 _uhttp://10.13.5.2/tesis/tl/1710289-4_CABALLERO_SANCHEZ_IRVING.pdf
_zDESCARGAR PDF
942 _2Clasificación Universidad Autónoma Chapingo
_cTD
999 _c220654
_d220654